00983nam a2200241 a 4500001001000000003000500010005001700015008004100032010001100073011001100084040000900095100004100104245016800145260004200313500006000355502007700415650002400492650002800516650003500544650005000579700004200629856007000671000109214CHAP20220329144042.0140409s2013 mx a sm |||||||spa d a105676 a106648 cCHAP1 aTerrazas González, Héctor Alonso10aEstiércol solarizado y fertilización foliar en la producción de maíz forrajero variedad San Lorenzoh[En línea]cpor Héctor Alonso Terrazas González. aChapingo, Méx. :bEl autor.,c2013. aPara ver el contenido del material haga clic en la liga aTesis (Ing. Agr. Esp. en Fitotecnia) -- UACH. Departamento de Fitotecnia14aAbonos orgánicos.14aAgricultura orgánica.14aEstiércol como fertilizante.14aMaíz como forrajexFertilizantes efecto en.1 aTerrazas González, Francisco Javier aFinding aiduhttp://10.13.5.2/tesis/sist109214.pdfzTeclea aquí